[Event "SRB-chT3 East"]
[Site "Serbia"]
[Date "2017.10.15"]
[Round "11.2"]
[White "Dragojevic, Leon"]
[Black "Korbovljanovic, Natasa"]
[Result "1-0"]
[WhiteElo "1897"]
[BlackElo "1847"]
[PlyCount "56"]
[EventDate "2017.09.03"]
[EventType "team-tourn"]
[EventRounds "11"]
[EventCountry "SRB"]
[SourceTitle "EXT 2022"]
[Source "ChessBase"]
[SourceDate "2021.10.06"]
[SourceVersion "1"]
[SourceVersionDate "2021.10.06"]
[SourceQuality "1"]

1. e4 e5 2. d4 exd4 3. c3 d3 4. Nf3 d6 5. Bxd3 Nf6 6. 0-0 Be7 7. h3 0-0 8. Bg5 Nc6 9. Qe2 h6 10. Bh4 Re8 11. Re1 Nh5 12. Bg3 Nxg3 13. fxg3 Bf6 14. Nbd2 Ne5 15. Rad1 Be6 16. a3 c5 17. Nc4 Bxc4 18. Bxc4 Qc7 19. Bd5 Rab8 20. Nxe5 Bxe5 21. Qf3 b5 22. Rf1 Re7 23. g4 Bf6 24. g3 a5 25. h4 Re5 26. Qe3 b4 27. Rxf6 Rxd5 28. Rxd5 gxf6 1-0

[Event "Veliko Gradiste Silver Lake op-B"]
[Site "Veliko Gradiste"]
[Date "2017.06.19"]
[Round "2"]
[White "Jakovljevic, Dejan"]
[Black "Korbovljanovic, Natasa"]
[Result "1-0"]
[WhiteElo "2062"]
[BlackElo "1826"]
[PlyCount "124"]
[EventDate "2017.06.18"]
[EventType "swiss"]
[EventRounds "9"]
[EventCountry "SRB"]
[SourceTitle "CBM 179 Extra"]
[Source "ChessBase"]
[SourceDate "2017.08.23"]
[SourceVersion "1"]
[SourceVersionDate "2017.08.23"]
[SourceQuality "1"]

1. e4 e5 2. Bc4 Nf6 3. d3 Nc6 4. Nf3 h6 5. c3 d6 6. a4 Be7 7. Nbd2 0-0 8. 0-0 b6 9. Re1 Na5 10. Ba2 c5 11. Nf1 Re8 12. Ng3 Bf8 13. Nh4 Nc6 14. Nh5 Be6 15. Bxe6 Rxe6 16. f4 exf4 17. Nxf4 Re8 18. Nf5 Ne7 19. Ne3 Qc7 20. Nh5 Nd7 21. Ng4 Kh8 22. Qf3 f6 23. Nf4 Ne5 24. Qh3 Qc8 25. Nxe5 dxe5 26. Qxc8 Raxc8 27. Nd5 Nxd5 28. exd5 Rcd8 29. c4 a5 30. Bd2 Bd6 31. Re2 Re7 32. Rae1 Rde8 33. Kf2 Kg8 34. Kf3 f5 35. Bc3 Kf7 36. g4 f4 37. Ke4 g6 38. Rf1 Rf8 39. Kf3 g5 40. Rfe1 Rfe8 41. Re4 Kf6 42. Rh1 Rh8 43. Re2 h5 44. Be1 h4 45. h3 Rhe8 46. Ke4 Kg6 47. Rc2 Rf8 48. Rf1 Rfe8 49. Rc3 Rb8 50. Rb3 Kf6 51. Rf2 Rf7 52. Rb5 Ra7 53. Rc2 Kg6 54. Rc3 Raa8 55. Rcb3 Ra6 56. Bf2 Kf6 57. Bxc5 Ke7 58. Bxd6+ Kxd6 59. c5+ Kc7 60. d4 exd4 61. Kxd4 Rf8 62. cxb6+ Kd6 1-0

[Event "Wch U18 Girls"]
[Site "Al Ain"]
[Date "2013.12.21"]
[Round "5"]
[White "Korbovljanovic, Natasa"]
[Black "El, Kader Maria"]
[Result "1/2-1/2"]
[WhiteElo "1854"]
[BlackElo "1619"]
[PlyCount "48"]
[EventDate "2013.12.18"]
[EventType "swiss"]
[EventRounds "11"]
[EventCountry "UAE"]
[SourceTitle "CBM 158 Extra"]
[Source "ChessBase"]
[SourceDate "2014.02.28"]
[SourceVersion "1"]
[SourceVersionDate "2014.02.28"]
[SourceQuality "1"]

1. e4 c5 2. d4 cxd4 3. Nf3 d6 4. Nxd4 g6 5. c4 Bg7 6. Be3 Nc6 7. Nc3 Nf6 8. Be2 Bd7 9. 0-0 0-0 10. Kh1 Rc8 11. f4 a6 12. Rc1 Qb6 13. Nxc6 Qxc6 14. Nd5 Nxd5 15. cxd5 Qa4 16. Qxa4 Bxa4 17. b3 Bd7 18. Rxc8 Rxc8 19. Rc1 Rxc1+ 20. Bxc1 Bd4 21. g3 Bh3 22. Bf3 Kg7 23. Bg2 Bxg2+ 24. Kxg2 a5 1/2-1/2

[Event "Wch U18 Girls"]
[Site "Al Ain"]
[Date "2013.12.21"]
[Round "4"]
[White "Schucman, Rebeca Lot"]
[Black "Korbovljanovic, Natasa"]
[Result "0-1"]
[WhiteElo "1672"]
[BlackElo "1854"]
[PlyCount "82"]
[EventDate "2013.12.18"]
[EventType "swiss"]
[EventRounds "11"]
[EventCountry "UAE"]
[SourceTitle "CBM 158 Extra"]
[Source "ChessBase"]
[SourceDate "2014.02.28"]
[SourceVersion "1"]
[SourceVersionDate "2014.02.28"]
[SourceQuality "1"]

1. d4 d5 2. c4 c6 3. Nc3 Nf6 4. Nf3 e6 5. e3 Bd6 6. Qc2 Nbd7 7. b3 0-0 8. Bb2 Qe7 9. cxd5 exd5 10. Bd3 Re8 11. 0-0 Ne4 12. h3 Nf8 13. Bxe4 dxe4 14. Nd2 Bf5 15. f3 exf3 16. Qxf5 Qxe3+ 17. Rf2 Bg3 18. Qxf3 Bxf2+ 19. Qxf2 Qxf2+ 20. Kxf2 Rad8 21. Nf3 Ne6 22. Rd1 Nf4 23. Rd2 f6 24. Na4 b6 25. Nc3 Kf7 26. a3 Rd7 27. Ne2 Nd5 28. Rc2 Re6 29. Nc3 Nf4 30. Rd2 Re8 31. Kg3 g5 32. Kf2 Rde7 33. g3 Nxh3+ 34. Kg2 g4 35. Nh4 Re1 36. Nf3 gxf3+ 37. Kxh3 f5 38. Rh2 Rg1 39. d5 Rg8 40. dxc6 Rg5 41. Kh4 Kg6 0-1

[Event "SRB-chT3 Ost"]
[Site "Kladovo"]
[Date "2013.10.18"]
[Round "3.23"]
[White "Kalcic, Krsta"]
[Black "Korbovljanovic, Natasa"]
[Result "1/2-1/2"]
[WhiteElo "2235"]
[BlackElo "1897"]
[PlyCount "144"]
[EventDate "2013.10.17"]
[EventType "team-swiss"]
[EventRounds "8"]
[EventCountry "SRB"]
[SourceTitle "EXT 2015"]
[Source "ChessBase"]
[SourceDate "2014.11.20"]
[SourceVersion "1"]
[SourceVersionDate "2014.11.20"]
[SourceQuality "1"]

1. e4 e5 2. Nf3 Nf6 3. Nc3 Bb4 4. Bc4 d6 5. 0-0 0-0 6. d3 h6 7. Ne2 Be6 8. Ng3 Bxc4 9. dxc4 Nc6 10. c3 Bc5 11. b4 Bb6 12. Qe2 Kh7 13. Rd1 Qc8 14. h3 Qe6 15. Nf5 Ne7 16. g4 Nfg8 17. Kh2 g6 18. Nxh6 f6 19. Nxg8 Rxg8 20. Rb1 Rab8 21. Ba3 c6 22. Rd2 Kg7 23. Rbd1 Rh8 24. Kg2 Bc7 25. Bc1 g5 26. a4 Ng6 27. Ra2 Rh6 28. a5 Rd8 29. Be3 Bb8 30. Rad2 Rdh8 31. Ng1 Rd8 32. Kf1 Rhh8 33. c5 a6 34. cxd6 Bxd6 35. Bb6 Rd7 36. Be3 Rhd8 37. Nf3 Qb3 38. Rd3 Qc4 39. Nd2 Qg8 40. Nf3 Qc4 41. Bc1 Qg8 42. Ne1 Qe6 43. Ng2 Bc7 44. Rxd7+ Rxd7 45. Ne3 Ne7 46. Rxd7 Qxd7 47. Qd1 Qxd1+ 48. Nxd1 c5 49. Ne3 Kf7 50. Ke2 cxb4 51. cxb4 Bd6 52. Bd2 Nc6 53. Nc2 Nd8 54. Kd3 Ke6 55. Kc4 Kd7 56. Be3 Nc6 57. Bc5 Kc7 58. Ne3 Ne7 59. Nd5+ Nxd5 60. Kxd5 Bxc5 61. Kxc5 Kd7 62. Kb6 Kc8 63. f3 Kb8 64. b5 axb5 65. Kxb5 Kc7 66. Kc5 Kd7 67. Kb6 Kc8 68. a6 bxa6 69. Kxa6 Kc7 70. Kb5 Kb7 71. Kc5 Kc7 72. Kb5 Kb7 1/2-1/2

[Event "EU-ch U18 Girls 23rd"]
[Site "Budva"]
[Date "2013.10.02"]
[Round "4"]
[White "Nicolajsen, Thea"]
[Black "Korbovljanovic, Natasa"]
[Result "1-0"]
[WhiteElo "1782"]
[BlackElo "1897"]
[PlyCount "81"]
[EventDate "2013.09.29"]
[EventType "swiss"]
[EventRounds "9"]
[EventCountry "MNE"]
[SourceTitle "CBM 156 Extra"]
[Source "ChessBase"]
[SourceDate "2013.10.22"]
[SourceVersion "1"]
[SourceVersionDate "2013.10.22"]
[SourceQuality "1"]

1. d4 d5 2. c4 c6 3. Nc3 Nf6 4. Nf3 e6 5. cxd5 exd5 6. Bg5 Bd6 7. Qc2 Be6 8. e3 Nbd7 9. Bd3 Qc7 10. Bh4 0-0 11. Bg3 Bg4 12. Nd2 Rac8 13. 0-0 h6 14. Rab1 a6 15. b4 Rfd8 16. Rfc1 Qb8 17. a4 Bxg3 18. hxg3 Qa7 19. Nb3 b6 20. Qa2 c5 21. bxc5 bxc5 22. dxc5 Nxc5 23. Nxc5 Rxc5 24. Ne2 Nd7 25. Qb2 Rxc1+ 26. Rxc1 a5 27. Bb5 Qb6 28. Qc3 Nf6 29. Nd4 Rc8 30. Qe1 Bd7 31. Bxd7 Rxc1 32. Qxc1 Nxd7 33. Qc8+ Nf8 34. Nc6 Qb1+ 35. Kh2 Qe4 36. Qd8 Qg4 37. Ne7+ Kh7 38. f3 Qh5+ 39. Kg1 Qe5 40. Qxf8 Qxe3+ 41. Kh2 1-0

[Event "SRB-ch U20 Girls"]
[Site "Donji Milanovac"]
[Date "2013.08.20"]
[Round "8"]
[White "Zarkovic, Mila"]
[Black "Korbovljanovic, Natasa"]
[Result "1-0"]
[WhiteElo "2079"]
[BlackElo "1895"]
[PlyCount "139"]
[EventDate "2013.08.15"]
[EventType "tourn"]
[EventRounds "9"]
[EventCountry "SRB"]
[SourceTitle "CBM 156 Extra"]
[Source "ChessBase"]
[SourceDate "2013.10.22"]
[SourceVersion "1"]
[SourceVersionDate "2013.10.22"]
[SourceQuality "1"]

1. e4 e5 2. Bc4 Nf6 3. d3 c6 4. Nf3 d6 5. c3 h6 6. 0-0 Be7 7. Re1 0-0 8. h3 Nbd7 9. Bb3 Qc7 10. d4 b5 11. Nh4 Re8 12. Nf5 Bf8 13. Qf3 Nb6 14. dxe5 Bxf5 15. exf6 g6 16. Bf4 Nd7 17. Nd2 Be6 18. Rad1 c5 19. Nf1 Rad8 20. Ng3 Bxb3 21. axb3 Re6 22. Qe3 Kh7 23. Qd2 Nxf6 24. e5 Ne8 25. Ne4 d5 26. b4 cxb4 27. cxb4 Qc4 28. Nc5 Bxc5 29. bxc5 g5 30. Bxg5 hxg5 31. Qxg5 Rc8 32. Qf5+ Kg8 33. Re3 Ng7 34. Qg5 Rg6 35. Qe7 Qxc5 36. Qd7 Qc6 37. Rxd5 Qxd7 38. Rxd7 Rc1+ 39. Kh2 Rc2 40. Rf3 Rxb2 41. Rxa7 Re2 42. Rfxf7 Rxe5 43. g4 b4 44. Rfb7 Re2 45. Kg2 Rb2 46. Ra8+ Kh7 47. Rf8 b3 48. Rf3 Rc2 49. Rfxb3 Rf6 50. Rf3 Rxf3 51. Kxf3 Rc3+ 52. Kg2 Kg6 53. Rb5 Ne6 54. Rb6 Kf7 55. f3 Nd4 56. Rb4 Nc2 57. Re4 Ne3+ 58. Kf2 Nd5 59. h4 Kg6 60. h5+ Kf6 61. Ra4 Ne3 62. Ra5 Nc2 63. g5+ Kg7 64. Ra7+ Kg8 65. g6 Nd4 66. h6 Rxf3+ 67. Kg2 Rg3+ 68. Kxg3 Nf5+ 69. Kg4 Nxh6+ 70. Kg5 1-0

[Event "SRB-ch U20 Girls"]
[Site "Donji Milanovac"]
[Date "2013.08.18"]
[Round "6"]
[White "Racic, Teodora"]
[Black "Korbovljanovic, Natasa"]
[Result "1/2-1/2"]
[WhiteElo "1603"]
[BlackElo "1895"]
[PlyCount "89"]
[EventDate "2013.08.15"]
[EventType "tourn"]
[EventRounds "9"]
[EventCountry "SRB"]
[SourceTitle "CBM 156 Extra"]
[Source "ChessBase"]
[SourceDate "2013.10.22"]
[SourceVersion "1"]
[SourceVersionDate "2013.10.22"]
[SourceQuality "1"]

1. d4 d5 2. c4 e6 3. Nc3 Nf6 4. Bg5 Be7 5. e3 c6 6. Nf3 Nbd7 7. cxd5 exd5 8. Bd3 0-0 9. Qc2 Re8 10. 0-0 Nf8 11. Ne5 Ng4 12. Bxe7 Qxe7 13. Nxg4 Bxg4 14. Be2 Be6 15. Bf3 Ng6 16. g3 Qg5 17. Bg2 Bg4 18. Rfe1 Qh5 19. Ne2 Re6 20. Rac1 Rae8 21. Qd2 Bh3 22. Bxh3 Qxh3 23. Nf4 Nxf4 24. exf4 Qf5 25. Re5 Qg4 26. Rce1 f6 27. Rxe6 Rxe6 28. Rxe6 Qxe6 29. Qb4 b6 30. Qc3 Kf7 31. Qe3 Qe4 32. Qc3 Qe6 33. Qe3 Qxe3 34. fxe3 a5 35. Kf2 Ke6 36. g4 f5 37. h3 g6 38. g5 Kd6 39. Ke2 c5 40. Kd3 c4+ 41. Kc3 b5 42. a3 Kc6 43. Kc2 b4 44. a4 Kd6 45. Kd2 1/2-1/2

[Event "EU-ch (Women) 14th"]
[Site "Belgrade"]
[Date "2013.08.01"]
[Round "9"]
[White "Korbovljanovic, Natasa"]
[Black "Jankovic, Milanka"]
[Result "1-0"]
[WhiteElo "1877"]
[BlackElo "1619"]
[PlyCount "72"]
[EventDate "2013.07.23"]
[EventType "swiss"]
[EventRounds "11"]
[EventCountry "SRB"]
[SourceTitle "CBM 155 Extra"]
[Source "ChessBase"]
[SourceDate "2013.08.26"]
[SourceVersion "1"]
[SourceVersionDate "2013.08.26"]
[SourceQuality "1"]

1. e4 e5 2. Nf3 Nc6 3. Bb5 Nge7 4. Nc3 a6 5. Ba4 d6 6. d3 Bd7 7. Bb3 h6 8. a3 Nd4 9. Nxd4 exd4 10. Ne2 c5 11. Nf4 g6 12. Qf3 Rh7 13. Bd2 a5 14. a4 Qc8 15. h3 Be6 16. Nxe6 fxe6 17. Qf6 Rf7 18. Qxe6 Qxe6 19. Bxe6 Rf6 20. Bc4 Kd8 21. f4 b6 22. 0-0-0 Kc7 23. g4 Bg7 24. Rde1 Rff8 25. f5 gxf5 26. exf5 Nc8 27. Rhf1 Rf6 28. Re6 Rxe6 29. Bxe6 Bf6 30. Bxh6 Ne7 31. g5 Be5 32. h4 Rh8 33. h5 Ng8 34. Bxg8 Rxg8 35. f6 Bxf6 36. gxf6 Rh8 1-0

[Event "EU-ch (Women) 14th"]
[Site "Belgrade"]
[Date "2013.07.31"]
[Round "8"]
[White "Korbovljanovic, Natasa"]
[Black "Milanovic, Maja"]
[Result "0-1"]
[WhiteElo "1877"]
[BlackElo "1969"]
[PlyCount "132"]
[EventDate "2013.07.23"]
[EventType "swiss"]
[EventRounds "11"]
[EventCountry "SRB"]
[SourceTitle "CBM 155 Extra"]
[Source "ChessBase"]
[SourceDate "2013.08.26"]
[SourceVersion "1"]
[SourceVersionDate "2013.08.26"]
[SourceQuality "1"]

1. e4 c5 2. d4 cxd4 3. Nf3 e6 4. c3 dxc3 5. Nxc3 a6 6. Bc4 Qc7 7. Qe2 Nc6 8. 0-0 Nf6 9. Rd1 Be7 10. e5 Ng4 11. Bf4 g5 12. Bg3 h5 13. h3 Nh6 14. Ne4 Qd8 15. Nd6+ Bxd6 16. exd6 Nf5 17. Be5 Nxe5 18. Qxe5 Rg8 19. Nh2 f6 20. Qe2 Ng7 21. Bd3 Kf7 22. Qf3 Rh8 23. Nf1 f5 24. Ng3 Qf6 25. Bc4 Rb8 26. a4 b6 27. Qd3 g4 28. Kh2 gxh3 29. gxh3 h4 30. Ne2 Nh5 31. Qd4 Bb7 32. Nf4 Qxd4 33. Rxd4 Nxf4 34. Rxf4 Kf6 35. Bd3 Rbg8 36. Rg1 Ke5 37. Rb4 Rxg1 38. Kxg1 Rg8+ 39. Kf1 Kxd6 40. Rxb6+ Kc7 41. Rb4 Rh8 42. Rc4+ Kb6 43. Rb4+ Ka7 44. Rf4 Bc6 45. Bc2 Kb6 46. b4 Bd5 47. Bd3 Rh6 48. Rd4 Rh8 49. Bxf5 Bf3 50. Bg4 Bc6 51. Be2 Bxa4 52. Bd3 Bc6 53. Rg4 Bf3 54. Rf4 Bc6 55. Rd4 Rh5 56. Be2 Rh6 57. Bd3 e5 58. Rg4 Bf3 59. Rc4 Rd6 60. Be2 e4 61. Bxf3 exf3 62. Ke1 Re6+ 63. Kd1 Re2 64. Rxh4 Rxf2 65. Rd4 Rh2 66. h4 Rh1+ 0-1

[Event "EU-ch (Women) 14th"]
[Site "Belgrade"]
[Date "2013.07.25"]
[Round "3"]
[White "Korbovljanovic, Natasa"]
[Black "Olenina, Aysa"]
[Result "0-1"]
[WhiteElo "1877"]
[BlackElo "2079"]
[PlyCount "100"]
[EventDate "2013.07.23"]
[EventType "swiss"]
[EventRounds "11"]
[EventCountry "SRB"]
[SourceTitle "CBM 155 Extra"]
[Source "ChessBase"]
[SourceDate "2013.08.26"]
[SourceVersion "1"]
[SourceVersionDate "2013.08.26"]
[SourceQuality "1"]

1. e4 e5 2. Nf3 Nc6 3. Bb5 a6 4. Bxc6 dxc6 5. 0-0 Qf6 6. d4 exd4 7. Bg5 Qg6 8. Qxd4 Be6 9. Rd1 Be7 10. Bxe7 Nxe7 11. Ne5 Qf6 12. Nc3 0-0 13. Ne2 b6 14. f4 c5 15. Qc3 Ng6 16. Nxg6 hxg6 17. Qxf6 gxf6 18. Nc3 Rfe8 19. Kf2 b5 20. Kf3 c6 21. Rd6 f5 22. exf5 Bxf5 23. g4 Be6 24. h3 Kg7 25. Kf2 b4 26. Ne4 Bxg4 27. Nf6 Re6 28. Rxe6 Bxe6 29. Ne4 c4 30. h4 Rd8 31. Ke3 Bf5 32. Nc5 a5 33. Rc1 Rd5 34. Na4 Be6 35. Nb6 Rh5 36. Rh1 Kf6 37. Rh2 Ke7 38. Kd4 c5+ 39. Ke4 Kd6 40. Na4 Bd5+ 41. Ke3 Kc6 42. Kd2 Kb5 43. b3 c3+ 44. Kd3 Kc6 45. Ke3 f6 46. Kf2 g5 47. fxg5 fxg5 48. Kg3 gxh4+ 49. Kg4 Rh7 50. Kf4 h3 0-1

[Event "Srebrno Jezero op-B 7th"]
[Site "Srebrno Jezero"]
[Date "2013.06.18"]
[Round "7"]
[White "Urbanc, Vinko"]
[Black "Korbovljanovic, Natasa"]
[Result "0-1"]
[WhiteElo "1886"]
[BlackElo "1867"]
[PlyCount "81"]
[EventDate "2013.06.14"]
[EventType "swiss"]
[EventRounds "9"]
[EventCountry "SRB"]
[SourceTitle "EXT 2014"]
[Source "ChessBase"]
[SourceDate "2013.11.20"]
[SourceVersion "1"]
[SourceVersionDate "2013.11.20"]
[SourceQuality "1"]

1. e4 e5 2. Nf3 Nf6 3. Nc3 Bb4 4. Nd5 Nxd5 5. exd5 d6 6. c3 Bc5 7. d4 exd4 8. Nxd4 0-0 9. Be2 Nd7 10. 0-0 h6 11. a4 a5 12. Be3 Nf6 13. Bf3 Bd7 14. Qd3 Re8 15. h3 Qc8 16. b3 Rb8 17. c4 c6 18. Bd2 cxd5 19. cxd5 Qd8 20. Rfe1 Qb6 21. Bc3 Nh7 22. Rxe8+ Rxe8 23. Ra2 Ng5 24. h4 Nxf3+ 25. Nxf3 Qxb3 26. Rb2 Qxa4 27. Rxb7 Bc8 28. Rb1 Qa2 29. Rb2 Qa3 30. Rb1 Ba6 31. Qc2 Bxf2+ 32. Kh2 Be3 33. Ra1 Qc5 34. Rxa5 Qc4 35. Ra4 Bf4+ 36. Kh1 Qf1+ 37. Ng1 Re2 38. Qxe2 Bxe2 39. Bd4 Qd1 40. Ra8+ Kh7 41. Re8 0-1

[Event "SRB-ch U20 Girls"]
[Site "Donji Milanovac"]
[Date "2012.07.30"]
[Round "9"]
[White "Milanovic, Maja"]
[Black "Korbovljanovic, Natasa"]
[Result "1-0"]
[WhiteElo "1879"]
[BlackElo "1844"]
[PlyCount "99"]
[EventDate "2012.07.24"]
[EventType "tourn"]
[EventRounds "9"]
[EventCountry "SRB"]
[SourceTitle "CBM 149 Extra"]
[Source "ChessBase"]
[SourceDate "2012.08.24"]
[SourceVersion "1"]
[SourceVersionDate "2012.08.24"]
[SourceQuality "1"]

1. e4 e5 2. Nf3 Nf6 3. Nxe5 d6 4. Nf3 Nxe4 5. d4 d5 6. Bd3 Bd6 7. 0-0 0-0 8. c4 c6 9. Nc3 Nxc3 10. bxc3 Bg4 11. Rb1 dxc4 12. Bxc4 Nd7 13. Be2 Re8 14. Qc2 h6 15. Be3 Qa5 16. c4 b6 17. h3 Bh5 18. d5 Bg6 19. Bd3 Bxd3 20. Qxd3 cxd5 21. Rb5 dxc4 22. Qxc4 Qa3 23. Bc1 Qa6 24. Bxh6 Ne5 25. Nxe5 Rxe5 26. Qg4 g6 27. Rxe5 Bxe5 28. Qe4 Re8 29. f4 Qe2 30. Qxe2 Bd4+ 31. Qf2 Bxf2+ 32. Kxf2 Rc8 33. Re1 f6 34. g4 Kf7 35. h4 Rc3 36. Re3 Rc2+ 37. Re2 Rc3 38. Kg2 a5 39. f5 gxf5 40. gxf5 Rc5 41. Rf2 Rc4 42. Kg3 Rc3+ 43. Rf3 Rc2 44. a3 b5 45. Rb3 Rc4 46. Bf4 b4 47. axb4 axb4 48. h5 Kg7 49. h6+ Kh7 50. Rd3 1-0

[Event "SRB-ch U20 Girls"]
[Site "Donji Milanovac"]
[Date "2012.07.29"]
[Round "8"]
[White "Korbovljanovic, Natasa"]
[Black "Rakic, Teodora"]
[Result "1-0"]
[WhiteElo "1844"]
[BlackElo "1851"]
[PlyCount "117"]
[EventDate "2012.07.24"]
[EventType "tourn"]
[EventRounds "9"]
[EventCountry "SRB"]
[SourceTitle "CBM 149 Extra"]
[Source "ChessBase"]
[SourceDate "2012.08.24"]
[SourceVersion "1"]
[SourceVersionDate "2012.08.24"]
[SourceQuality "1"]

1. e4 d6 2. d4 Nf6 3. Nc3 g6 4. f4 Bg7 5. Nf3 0-0 6. Bc4 Nxe4 7. Bxf7+ Rxf7 8. Nxe4 h6 9. 0-0 Nd7 10. Qd3 Nf8 11. Ng3 e6 12. Bd2 Bd7 13. Rae1 Qf6 14. h3 Re8 15. Ne4 Qd8 16. Nf2 Bc6 17. Ng4 Bxf3 18. Rxf3 Rd7 19. Bc3 c6 20. Nf2 Qc7 21. Ne4 a5 22. g4 Rf7 23. Ref1 b6 24. Ng3 e5 25. f5 gxf5 26. Rxf5 Rxf5 27. Rxf5 Ne6 28. dxe5 dxe5 29. Nh5 Ng5 30. Nf6+ Bxf6 31. Rxf6 Qh7 32. Qc4+ Nf7 33. Qxc6 Rd8 34. Rf1 Qxc2 35. Qf6 Qh7 36. Bxe5 Re8 37. Bd4 Ng5 38. Kh2 Re2+ 39. Rf2 Qc7+ 40. Kg2 Qb7+ 41. Kf1 Rxf2+ 42. Qxf2 Qh1+ 43. Ke2 Qe4+ 44. Qe3 Qc2+ 45. Kf1 Qc4+ 46. Kg2 Qc6+ 47. Kg3 Nf7 48. Qe7 b5 49. Qf6 Qd6+ 50. Qxd6 Nxd6 51. Kf4 Kf7 52. h4 Nc4 53. g5 hxg5+ 54. hxg5 Kg6 55. Bf6 Nb6 56. Ke4 Nd7 57. Kd4 a4 58. Kd5 a3 59. b4 1-0